00347nam a2200145Ia 4500008004100000020001500041041001200056082001600068100001500084245004700099250000800146260002500154300000800179650001400187221030s9999 xx 000 0 und d a0070472769 aEnglish a105.23bVau aT. Vaughan 0aMultimedia : Making It Workcby T. Vaughan a5th bTMHaNew Delhic2003 a525 aComputers